| 000 | 02235nam a22003377a 4500 | ||
|---|---|---|---|
| 005 | 20101206113148.0 | ||
| 008 | 101206t xxu||||| |||| 00| 0 hin d | ||
| 010 | _aHIN-93205 B-486075-077 | ||
| 020 |
_c300.00 _a9789380458298 |
||
| 035 | _aHN-65551 B-486075-077 | ||
| 037 | _bDBAD/PUB | ||
| 037 | _bविर्चुअस पब्लिकेशंस | ||
| 040 |
_aDPL _bHN |
||
| 082 | _aउ | ||
| 100 |
_924598 _aमहेन्द्र भीष्म |
||
| 245 |
_aकिन्नर कथा / _cमहेन्द्र भीष्म |
||
| 246 |
_aKinnar Katha _bby Mahendra Bhishm |
||
| 260 |
_aनई दिल्ली _bसामयिक बुक्स _c2011 |
||
| 270 |
_bनई दिल्ली _a3320-21, जटवाड़ा, दरियागंज,एन.एस.मार्ग _e110002 |
||
| 300 |
_a192पृ. _c22सेमी (सजिल्द) |
||
| 650 |
_91169 _aहिन्दी कथा साहित्य |
||
| 650 |
_929580 _aHindi Novel |
||
| 700 | _924599 | ||
| 700 | _924924 | ||
| 942 |
_2ddc _cHN _mमहेन्द्र _hउ |
||
| 999 |
_c53906 _d53906 |
||